| 000 | 00371nam a2200157Ia 4500 | ||
|---|---|---|---|
| 005 | 20240807062048.0 | ||
| 008 | 240806s9999||||xx |||||||||||||| ||eng|| | ||
| 041 | _aeng | ||
| 082 |
_a891.433 _bBECB |
||
| 100 | _aSivraj Singh Bechain | ||
| 245 | 0 |
_aBharose ki bahan / _cSivraj Singh Bechain |
|
| 260 | _bVani Prakashan | ||
| 300 | _a164 | ||
| 650 | _aHindi | ||
| 942 | _cBK | ||
| 999 |
_c7221 _d7221 |
||